Škodlivé vplyvy pôsobiace na tovar v procese obehu bakalárska práca

Uložené v:
Podrobná bibliografia
Hlavný autor: Michalíková, Lucia
Korporativný autor: Obchodná fakulta EU. Katedra tovaroznalectva a kvality tovaru
Ďalší autori: Rogovská, Vanda
Médium: Kniha
Jazyk:Slovak
Vydavateľské údaje: Bratislava 2016
Tagy: Pridať tag
Žiadne tagy, Buďte prvý, kto otaguje tento záznam!

MARC

LEADER 00000nbm a2200000 4500
001 0218786
005 20161201142915.2
041 0 |a slo 
044 |a SK 
245 1 0 |a Škodlivé vplyvy pôsobiace na tovar v procese obehu  |b bakalárska práca  |c Lucia Michalíková ; školiteľ: Vanda Rogovská 
264 1 |a Bratislava  |c 2016 
300 |a 47 s. 
100 1 |a Michalíková, Lucia 
700 1 |a Rogovská, Vanda 
710 2 |a Obchodná fakulta EU. Katedra tovaroznalectva a kvality tovaru